[Event "Corr"]
[Site "corr"]
[Date "1985.??.??"]
[Round "?"]
[White "Kofidis, Spyros"]
[Black "Malis, Jiri"]
[Result "1/2-1/2"]
[WhiteElo "2585"]
[BlackElo "2415"]
[PlyCount "80"]
[EventDate "1985.??.??"]
[Source "www.chesslib.no"]
[SourceDate "2004.05.04"]

1. e4 e5 2. Nf3 Nc6 3. Bc4 Bc5 4. b4 Bxb4 5. c3 Be7 6. d4 Na5 7. Nxe5 Nxc4 8. Nxc4 d5 9. exd5 Nf6 10. O-O Nxd5 11. Ne5 O-O 12. c4 Nb6 13. Qd3 f6 14. Nf3 Be6 15. Nbd2 Qd7 16. Re1 Rfe8 17. Bb2 Na4 18. Ba3 c5 19. d5 Bf7 20. Rab1 a6 21. Ne4 b5 22. d6 Bxc4 23. Qd2 Bf8 24. Rbd1 Rac8 25. h3 b4 26. Bb2 Nxb2 27. Qxb2 Bf7 28. Nh4 f5 29. Nxf5 Qxf5 30. d7 Rxe4 31. Rxe4 Rd8 32. Re5 Qf6 33. Qe2 c4 34. Re8 c3 35. Rxd8 Qxd8 36. Qe4 a5 37. f4 h6 38. Qc6 Be7 39. Re1 Kf8 40. Re2 h5 1/2-1/2

[Event "Makarska"]
[Site "Makarska"]
[Date "1996.??.??"]
[Round "6"]
[White "Sermek, Drazen"]
[Black "Rogic, Davor"]
[Result "1/2-1/2"]
[WhiteElo "2535"]
[BlackElo "2445"]
[PlyCount "81"]
[EventDate "1996.06.??"]
[Source "www.chesslib.no"]
[SourceDate "2004.05.04"]

1. e4 e5 2. Nf3 Nc6 3. Bc4 Bc5 4. b4 Bxb4 5. c3 Be7 6. Qb3 Nh6 7. d4 Na5 8. Qb5 Nxc4 9. Bxh6 gxh6 10. Qxc4 exd4 11. cxd4 Rg8 12. Nc3 d6 13. O-O Bh3 14. Ne1 Qd7 15. f3 Bh4 16. Nd5 c6 17. Ne3 d5 18. exd5 cxd5 19. Nxd5 Rc8 20. Qe2+ Kf8 21. Ne3 Qxd4 22. Rd1 Qb6 23. Kh1 Be6 24. Nd3 Re8 25. Ne5 Qa6 26. Qb2 Bf6 27. f4 Kg7 28. Rf3 Kh8 29. h3 Qxa2 30. Qxb7 Rb8 31. Qe4 Rb2 32. Rg1 Re2 33. Qd4 Qb2 34. Qxa7 Bxe5 35. fxe5 Qxe5 36. Qa3 Re8 37. Qd3 Ra2 38. Nc4 Bxc4 39. Qxc4 Ra1 40. Qxf7 Rxg1+ 41. Kxg1 1/2-1/2

[Event "RUS-ch52"]
[Site "Moscow"]
[Date "1999.??.??"]
[Round "2.2"]
[White "Sveshnikov, Evgeny"]
[Black "Akhmetov, Artiom"]
[Result "1-0"]
[WhiteElo "2541"]
[BlackElo "2438"]
[PlyCount "87"]
[EventDate "1999.12.15"]
[Source "www.chesslib.no"]
[SourceDate "2004.05.04"]

1. e4 e5 2. Nf3 Nc6 3. Bc4 Bc5 4. b4 Bxb4 5. c3 Be7 6. d4 Na5 7. Nxe5 Nxc4 8. Nxc4 d5 9. exd5 Qxd5 10. Ne3 Qa5 11. O-O Nf6 12. c4 O-O 13. d5 b5 14. Nd2 bxc4 15. Ndxc4 Qa6 16. Qf3 Rb8 17. Bb2 Rb5 18. Rfd1 Rd8 19. Rd2 Bf8 20. Rad1 Ne8 21. h4 Nd6 22. h5 Re8 23. Nxd6 Qxd6 24. Nc4 Qh6 25. Rd4 Qg5 26. Bc1 Qe7 27. d6 Qd7 28. h6 Re6 29. Bf4 cxd6 30. Bxd6 Bb7 31. Bxf8 Bxf3 32. Rxd7 Bxd1 33. Bxg7 Re1+ 34. Kh2 Rh5+ 35. Kg3 f6 36. Nd6 Rg5+ 37. Kf4 Rg4+ 38. Kf5 Rg5+ 39. Kxf6 Rg6+ 40. Kf5 Bc2+ 41. Kf4 Rxd6 42. Rxd6 Re4+ 43. Kf3 Ra4 44. Rf6 1-0

[Event "otb"]
[Site "otb"]
[Date "2007.01.14"]
[Round "6"]
[White "Sveshnikov Evgeny"]
[Black "Romanov Evgeny"]
[Result "1/2-1/2"]
[WhiteElo "2504"]
[BlackElo "2469"]
[PlyCount "40"]
[Source "www.chesslib.no"]
[SourceDate "2004.05.04"]

1. e4 e5 2. Nf3 Nc6 3. Bc4 Bc5 4. b4 Bxb4 5. c3 Be7 6. d4 Na5 7. Nxe5 Nxc4 8. Nxc4 d5 9. exd5 Qxd5 10. Ne3 Qa5 11. O-O Nf6 12. c4 O-O 13. Bb2 c6 14. Nc3 Qg5 15. Qf3 Bd6 16. c5 Bb8 17. d5 cxd5 18. Ncxd5 Nxd5 19. Qxd5 Qxd5 20. Nxd5 Be6 1/2-1/2

[Event "DSU"]
[Site "?"]
[Date "1998.03.01"]
[Round "?"]
[White "Jardorf Sven (DEN)"]
[Black "Plomp Michiel (NED)"]
[Result "1/2-1/2"]
[WhiteElo "2484"]
[BlackElo "2488"]
[PlyCount "74"]
[EventDate "1998.??.??"]
[Source "www.chesslib.no"]
[SourceDate "2004.05.04"]

1. e4 e5 2. Nf3 Nc6 3. Bc4 Bc5 4. b4 Bxb4 5. c3 Be7 6. d4 Na5 7. Be2 exd4 8. Qxd4 Kf8 9. e5 Nc6 10. Qf4 d6 11. O-O dxe5 12. Nxe5 Nxe5 13. Qxe5 Bd6 14. Ba3 Qe7 15. Bxd6 cxd6 16. Qb5 a6 17. Qb2 Nf6 18. Bf3 Rb8 19. Nd2 Qc7 20. Rad1 Be6 21. Rfe1 d5 22. Qb4+ Kg8 23. Nb3 h5 24. Nd4 Re8 25. c4 a5 26. Nb5 Qxh2+ 27. Kxh2 axb4 28. cxd5 Bd7 29. Nd6 Rxe1 30. Rxe1 Bg4 31. Be4 Bd7 32. Nxb7 g6 33. Nc5 Kg7 34. Nxd7 Nxd7 35. Bf3 Kf6 36. Bd1 Nc5 37. Re3 Ra8 1/2-1/2

[Event "It (open) \"]
[Site "Minsk (Belarus)"]
[Date "2007.07.14"]
[Round "5"]
[White "Kuderinov Kirill (KAZ)"]
[Black "Bezgodov Alexei (RUS)"]
[Result "1/2-1/2"]
[WhiteElo "2414"]
[BlackElo "2558"]
[PlyCount "163"]
[EventDate "2007.??.??"]
[Source "www.chesslib.no"]
[SourceDate "2004.05.04"]

1. e4 e5 2. Nf3 Nc6 3. Bc4 Bc5 4. b4 Bxb4 5. c3 Be7 6. d4 Na5 7. Bd3 d5 8. Nxe5 dxe4 9. Bxe4 Nf6 10. Bc2 O-O 11. O-O c5 12. Bg5 cxd4 13. cxd4 Nd5 14. Bxe7 Nxe7 15. Nc3 Bf5 16. Ne4 Nac6 17. Qh5 g6 18. Qh6 Bxe4 19. Bxe4 Qxd4 20. Nxc6 Nxc6 21. Bf3 Rab8 22. Rab1 Qc4 23. h4 Nd4 24. Bxb7 Ne2+ 25. Kh1 Nc3 26. Rfc1 Qd4 27. Rb3 Nxa2 28. Rg1 Nb4 29. Bf3 Nd3 30. Rxb8 Rxb8 31. Qg5 Rb4 32. Rf1 Qxh4+ 33. Qxh4 Rxh4+ 34. Kg1 a5 35. Ra1 a4 36. g4 h5 37. Rxa4 Ne5 38. Be2 hxg4 39. Re4 f6 40. Bd1 g5 41. Kg2 Kf7 42. Bb3+ Ke7 43. Bc2 Rh8 44. Bd1 Ke6 45. Bb3+ Kd6 46. Rd4+ Kc5 47. Rd5+ Kc6 48. Ra5 Rb8 49. Be6 Rb4 50. Ra6+ Rb6 51. Rxb6+ Kxb6 52. Kg3 Kc5 53. Bxg4 Nd3 54. Bf5 Nf4 55. Bc8 Kd4 56. Kg4 Ke5 57. f3 Nd5 58. Bb7 Ne3+ 59. Kg3 f5 60. f4+ gxf4+ 61. Kf3 Nc4 62. Kf2 Nd6 63. Bc6 Ne4+ 64. Kf3 Ng5+ 65. Kf2 Kd6 66. Bb7 Ke6 67. Bc8+ Ke5 68. Bb7 Ne4+ 69. Kf3 Nc5 70. Bc6 Nd3 71. Bb7 Ne1+ 72. Kf2 Nc2 73. Bc6 Nd4 74. Bb7 Kd6 75. Bc8 Kd5 76. Bb7+ Ke5 77. Ba8 Kf6 78. Bb7 Kg5 79. Bf3 Kh4 80. Bd5 Kg5 81. Bf3 Kg6 82. Bb7 1/2-1/2

[Event "Budapest FS03 GM"]
[Site "Budapest"]
[Date "1993.??.??"]
[Round "9"]
[White "Wells, Peter K"]
[Black "Lukacs, Peter"]
[Result "1-0"]
[WhiteElo "2485"]
[BlackElo "2480"]
[PlyCount "86"]
[EventDate "1993.03.??"]
[Source "ChessBase"]

1. e4 e5 2. Nf3 Nc6 3. Bc4 Bc5 4. b4 Bxb4 5. c3 Be7 6. Qb3 Nh6 7. d4 Na5 8. Qb5 Nxc4 9. Bxh6 gxh6 10. Qxc4 exd4 11. cxd4 Rg8 12. Nc3 c6 13. O-O d6 14. Rfe1 Bh3 15. g3 Kf8 16. d5 Rg7 17. Rab1 Qc8 18. e5 Bf5 19. exd6 Bxd6 20. Ne4 Bxe4 21. Qxe4 Kg8 22. Nd4 Rg4 23. Qd3 cxd5 24. Nf5 Bf8 25. h4 Qc4 26. Qf3 Re4 27. Ne3 Qc3 28. Rec1 Qe5 29. Rxb7 Qe6 30. Rc6 Qe8 31. Rcc7 Qe6 32. Rxf7 d4 33. Nf5 Rd8 34. Kh2 d3 35. Nd6 Rxh4+ 36. gxh4 Bxd6+ 37. Kh1 d2 38. Qg2+ Qg6 39. Rg7+ Kh8 40. Qxg6 d1=Q+ 41. Qg1 Qd5+ 42. Rg2 Rg8 43. Rb5 Qe4 1-0

[Event "Cappelle op 18th"]
[Site "Cappelle la Grande"]
[Date "2002.02.16"]
[Round "8"]
[White "Pirrot, Dieter"]
[Black "Jenni, Florian"]
[Result "0-1"]
[WhiteElo "2436"]
[BlackElo "2525"]
[PlyCount "74"]
[EventDate "2002.02.09"]
[Source "ChessBase"]
[SourceDate "2002.03.14"]

1. e4 e5 2. Nf3 Nc6 3. Bc4 Bc5 4. b4 Bxb4 5. c3 Be7 6. Qb3 Nh6 7. d4 Na5 8. Qb5 Nxc4 9. Bxh6 gxh6 10. Qxc4 exd4 11. cxd4 c6 12. d5 Bf6 13. e5 Bg7 14. d6 b5 15. Qg4 O-O 16. Nbd2 f6 17. O-O fxe5 18. Rae1 Qf6 19. Qb4 a5 20. Qc5 Qe6 21. a4 bxa4 22. Nxe5 Qd5 23. Qxd5+ cxd5 24. f4 Ra6 25. Ra1 Rxd6 26. Rxa4 Ra6 27. Nb3 d6 28. Nf3 Bd7 29. Rxa5 Rxa5 30. Nxa5 Rxf4 31. Rd1 d4 32. Nb3 Ba4 33. Rd3 Bb5 34. Rd2 d3 35. Nc1 Bc3 36. Rd1 d2 37. Nxd2 Bxd2 0-1

[Event "Ljubljana op 10th"]
[Site "Ljubljana"]
[Date "1999.06.27"]
[Round "3"]
[White "Sveshnikov, Evgeny"]
[Black "Nikolov, Sasho"]
[Result "1/2-1/2"]
[WhiteElo "2563"]
[BlackElo "2395"]
[PlyCount "77"]
[EventDate "1999.06.??"]
[Source "www.chesslib.no"]
[SourceDate "2004.05.04"]

1. e4 e5 2. Nf3 Nc6 3. Bc4 Bc5 4. b4 Bxb4 5. c3 Be7 6. d4 Na5 7. Nxe5 Nxc4 8. Nxc4 d5 9. exd5 Qxd5 10. Ne3 Qd8 11. O-O Nf6 12. c4 O-O 13. Nc3 c5 14. d5 Ne8 15. Bb2 Nd6 16. Qd3 f5 17. f4 Bf6 18. Ncd1 Bxb2 19. Nxb2 Qf6 20. Qc2 Bd7 21. Rae1 Qd4 22. Rf3 Rae8 23. Rd1 Qe4 24. Nd3 b6 25. Qb3 g5 26. h3 h6 27. Qa3 Nxc4 28. Nxc4 Qxc4 29. Qxa7 Qa4 30. Qxa4 Bxa4 31. Rd2 Re4 32. Ne5 Rd8 33. g3 Kg7 34. Kf2 Kf6 35. Re3 Rb4 36. fxg5+ hxg5 37. Nc6 Bxc6 38. Re6+ Kf7 39. Rxc6 1/2-1/2

[Event "Abierto"]
[Site "Pamplona ESP"]
[Date "2007.12.26"]
[Round "5"]
[White "Li Chao2"]
[Black "Recuero Guerra, D."]
[Result "1-0"]
[WhiteElo "2548"]
[BlackElo "2407"]
[PlyCount "69"]
[EventDate "2007.12.22"]
[Source "www.chesslib.no"]
[SourceDate "2004.05.04"]

1. e4 e5 2. Nf3 Nc6 3. Bc4 Bc5 4. b4 Bxb4 5. c3 Be7 6. d4 Na5 7. Be2 exd4 8. Qxd4 d5 9. Qxg7 Bf6 10. Qg3 dxe4 11. Nd4 Bd7 12. O-O Ne7 13. Nd2 Rg8 14. Qe3 Bxd4 15. cxd4 Nf5 16. Qc3 Nc6 17. Re1 Ncxd4 18. Bf1 e3 19. fxe3 Qh4 20. Ba3 Nc6 21. Nb3 Nd6 22. e4 O-O-O 23. Nc5 f6 24. Rab1 Ne5 25. Nxd7 Rxd7 26. Bxd6 Rxd6 27. Qb3 Rg7 28. Qxb7+ Kd7 29. Bb5+ Ke7 30. Qxc7+ Nd7 31. Re2 Qg5 32. e5 fxe5 33. Bxd7 Rxd7 34. Rxe5+ Kf6 35. Rf1+ 1-0

[Event "Corr"]
[Site "?"]
[Date "2001.11.01"]
[Round "?"]
[White "Binder Gerhard (GER)"]
[Black "Rocius Marijonas (LTU)"]
[Result "0-1"]
[WhiteElo "2457"]
[BlackElo "2497"]
[PlyCount "44"]
[EventDate "2001.??.??"]
[Source "www.chesslib.no"]
[SourceDate "2004.05.04"]

1. e4 e5 2. Nf3 Nc6 3. Bc4 Bc5 4. b4 Bxb4 5. c3 Be7 6. Qb3 Nh6 7. d4 Na5 8. Qb5 Nxc4 9. Bxh6 Nd6 10. Qxe5 Nxe4 11. Bxg7 Rg8 12. O-O d5 13. Nfd2 a5 14. Nxe4 dxe4 15. Bh6 Bh3 16. Bg7 Ra6 17. gxh3 Re6 18. Qxa5 Rxg7+ 19. Kh1 Rg5 20. Qa4+ b5 21. Qc2 Bd6 22. d5 Rxd5 0-1

[Event "Bled op 21st"]
[Site "Bled"]
[Date "2000.03.27"]
[Round "3"]
[White "Sveshnikov, Evgeny"]
[Black "Zheliandinov, Viktor"]
[Result "1-0"]
[WhiteElo "2541"]
[BlackElo "2411"]
[PlyCount "105"]
[EventDate "2000.03.25"]
[Source "www.chesslib.no"]
[SourceDate "2004.05.04"]

1. e4 e5 2. Nf3 Nc6 3. Bc4 Bc5 4. b4 Bxb4 5. c3 Bd6 6. d4 Nf6 7. O-O O-O 8. Re1 h6 9. Nbd2 Re8 10. Bb3 Bf8 11. Nxe5 Nxe5 12. dxe5 Rxe5 13. Nf3 Re7 14. e5 Ne8 15. Nh4 d5 16. Bxd5 Be6 17. Bxb7 Rd7 18. Qa4 Rb8 19. Be4 c5 20. Nf5 Nc7 21. Ne3 Nb5 22. Qc2 Qa5 23. Bb2 Na3 24. Qe2 Qa4 25. f3 Nc4 26. Bc2 Qb5 27. Bc1 Nxe5 28. Qxb5 Rxb5 29. Ba4 Ra5 30. Bxd7 Nxd7 31. c4 Nb6 32. a3 Bd6 33. Bb2 Na4 34. Rad1 Bxh2+ 35. Kxh2 Nxb2 36. Rd8+ Kh7 37. f4 g6 38. g4 Rxa3 39. Nd5 Nxc4 40. Nf6+ Kg7 41. Ne8+ Kf8 42. f5 Ke7 43. Ra8 Ne3 44. fxe6 Nxg4+ 45. Kg2 fxe6 46. Nc7 e5 47. Nb5 Ra2+ 48. Kg3 h5 49. Kh4 Rg2 50. Rxa7+ Ke6 51. Ra6+ Kf7 52. Nd6+ Kg7 53. Rb1 1-0

[Event "Bobby Fischer Memorial"]
[Site "Villa Martelli ARG"]
[Date "2008.03.18"]
[Round "8.5"]
[White "Valerga, Diego"]
[Black "Slipak, Sergio"]
[Result "1/2-1/2"]
[WhiteElo "2478"]
[BlackElo "2448"]
[PlyCount "57"]
[EventDate "2008.03.11"]
[Source "www.chesslib.no"]
[SourceDate "2004.05.04"]

1. e4 e5 2. Nf3 Nc6 3. Bc4 Bc5 4. b4 Bxb4 5. c3 Bd6 6. d4 Nf6 7. O-O O-O 8. Nbd2 Be7 9. Nxe5 d5 10. Nxc6 bxc6 11. Bd3 dxe4 12. Nxe4 Be6 13. Qc2 h6 14. Re1 Rb8 15. Ng3 c5 16. Nf5 Bxf5 17. Bxf5 cxd4 18. cxd4 Nd5 19. Bb2 Bf6 20. Rad1 Re8 21. Rxe8+ Qxe8 22. g3 g6 23. Bh3 Rb4 24. Bg2 Qb5 25. Ba3 Qa4 26. Qxa4 Rxa4 27. Bxd5 Rxa3 28. Rc1 Ra5 29. Rc5 1/2-1/2

[Event "Elista ol (Men)"]
[Site "Elista"]
[Date "1998.10.11"]
[Round "12"]
[White "Gunnarsson, Jon Viktor"]
[Black "Sasikiran, Krishnan"]
[Result "0-1"]
[WhiteElo "2445"]
[BlackElo "2470"]
[PlyCount "110"]
[EventDate "1998.09.29"]
[Source "ChessBase"]
[SourceDate "1998.11.06"]

1. e4 e5 2. Nf3 Nc6 3. Bc4 Bc5 4. b4 Bxb4 5. c3 Be7 6. d4 Na5 7. Be2 exd4 8. Qxd4 d5 9. exd5 Nf6 10. Qa4+ c6 11. c4 Ne4 12. Bd2 Nxd2 13. Nbxd2 O-O 14. dxc6 Nxc6 15. O-O Qc7 16. Rfe1 Bf5 17. Nf1 Bc5 18. Ng3 Bg6 19. a3 Rad8 20. Qb5 Qb6 21. Qxb6 axb6 22. Red1 Bc2 23. Rdc1 Nd4 24. Bd1 Bxd1 25. Rxd1 Nc2 26. Rac1 Nxa3 27. Ne4 Bb4 28. Nd4 Rfe8 29. f3 Rxe4 30. fxe4 Bc5 31. Kf1 Rxd4 32. Rxd4 Bxd4 33. Ke2 f6 34. Rd1 Bc5 35. Rd8+ Kf7 36. Kd3 b5 37. Rd7+ Kg6 38. cxb5 b6 39. e5 fxe5 40. Rd5 Nxb5 41. Rxe5 Nd6 42. Rd5 Nf5 43. g3 Ne3 44. Re5 Ng4 45. Re2 Kf5 46. Kc4 h5 47. Re1 Ne3+ 48. Kd3 Kg4 49. Rh1 Kf3 50. Ra1 Ng4 51. Ra7 g6 52. Kc4 Nxh2 53. Rg7 Ng4 54. Kd5 Kxg3 55. Rxg6 Kf4 0-1

[Event "Moscow Tal Memorial"]
[Site "Moscow RUS"]
[Date "1992.??.??"]
[Round "?"]
[White "Sveshnikov, Evgeny E"]
[Black "Zaiatz, Elena"]
[Result "1-0"]
[WhiteElo "2560"]
[BlackElo "2350"]
[PlyCount "49"]
[EventDate "1992.08.??"]
[Source "www.chesslib.no"]
[SourceDate "2004.05.04"]

1. e4 e5 2. Nf3 Nc6 3. Bc4 Bc5 4. b4 Bxb4 5. c3 Be7 6. d4 Na5 7. Nxe5 Nxc4 8. Nxc4 d5 9. exd5 Qxd5 10. Ne3 Qg5 11. O-O Nf6 12. Ba3 Bxa3 13. Qa4+ b5 14. Qxa3 Bb7 15. c4 O-O-O 16. d5 Rhe8 17. Qxa7 Ng4 18. Nxg4 Qxg4 19. Nd2 Re2 20. Nb3 Qxc4 21. Rad1 Bxd5 22. Na5 Rxa2 23. Qa6+ Kd7 24. Nxc4 Rxa6 25. Rxd5+ 1-0

[Event "Lewkowitz Memorial B"]
[Site "Lewkowitz Memorial B"]
[Date "1994.??.??"]
[Round "?"]
[White "Tronhjem, Thomas"]
[Black "Perlo, Gerardus C. van"]
[Result "0-1"]
[WhiteElo "2470"]
[BlackElo "2440"]
[PlyCount "64"]
[EventDate "1994.??.??"]
[Source "www.chesslib.no"]
[SourceDate "2004.05.04"]

1. e4 e5 2. Nf3 Nc6 3. Bc4 Bc5 4. b4 Bxb4 5. c3 Be7 6. d4 Na5 7. Nxe5 Nxc4 8. Nxc4 d5 9. exd5 Qxd5 10. Ne3 Qd8 11. O-O Nf6 12. c4 O-O 13. Nc3 c6 14. d5 Re8 15. Rb1 Bd6 16. Qf3 cxd5 17. Nexd5 Nxd5 18. cxd5 Qc7 19. Nb5 Bxh2+ 20. Kh1 Qc4 21. Kxh2 Qxf1 22. Nc7 Re1 23. Nxa8 Qh1+ 24. Kg3 Rg1 25. Rb3 Qh3+ 26. Kf4 Qh6+ 27. Ke4 Qxc1 28. Rc3 Re1+ 29. Kd3 Qb1+ 30. Kd4 Qb4+ 31. Rc4 Qb2+ 32. Kc5 b6+ 0-1

[Event "Korolev (Russia)"]
[Site "?"]
[Date "2000.??.??"]
[Round "4"]
[White "Turov Maxim"]
[Black "Meshkov Yuri A"]
[Result "1-0"]
[WhiteElo "2539"]
[BlackElo "2367"]
[PlyCount "55"]
[EventDate "2000.??.??"]
[Source "www.chesslib.no"]
[SourceDate "2004.05.04"]

1. e4 e5 2. Nf3 Nc6 3. Bc4 Bc5 4. b4 Bxb4 5. c3 Bd6 6. d4 Nf6 7. O-O O-O 8. Nbd2 exd4 9. cxd4 Bf4 10. e5 Ne8 11. g3 Bh6 12. d5 Na5 13. Bd3 d6 14. Ba3 g6 15. Re1 dxe5 16. Qa4 b6 17. Bxf8 Kxf8 18. Rad1 Bxd2 19. Nxd2 f6 20. Qh4 Kg7 21. Rxe5 Bb7 22. Re3 Bxd5 23. Nb3 Bxb3 24. axb3 Nd6 25. Qa4 Nab7 26. Qc6 Nc5 27. Bf1 Nd7 28. Rc3 1-0

[Event "Warsaw"]
[Site "?"]
[Date "2005.06.30"]
[Round "12"]
[White "Warakomski Tomasz"]
[Black "L'Ami Erwin"]
[Result "0-1"]
[WhiteElo "2384"]
[BlackElo "2515"]
[PlyCount "111"]
[EventDate "2005.??.??"]
[Source "www.chesslib.no"]
[SourceDate "2004.05.04"]

1. e4 e5 2. Nf3 Nc6 3. Bc4 Bc5 4. b4 Bxb4 5. c3 Be7 6. d4 Na5 7. Be2 exd4 8. Qxd4 d6 9. Qxg7 Bf6 10. Qg3 Qe7 11. O-O Qxe4 12. Bf4 Ne7 13. Re1 Qg6 14. Bg5 Bxg5 15. Bb5+ Kf8 16. Nxg5 Rg8 17. Ne4 Nf5 18. Qxg6 hxg6 19. Nbd2 Be6 20. Ng5 Ke7 21. Re2 Ng7 22. Rae1 Nc6 23. f4 Nd8 24. Ndf3 c6 25. Bc4 d5 26. Bd3 Kd6 27. Ne5 Rf8 28. g4 a5 29. h4 Bc8 30. c4 Nge6 31. Ngxf7+ Rxf7 32. Nxf7+ Nxf7 33. Bxg6 Nxf4 34. c5+ Kxc5 35. Rc2+ Kd6 36. Bxf7 Bxg4 37. Re8 Rxe8 38. Bxe8 d4 39. Kf2 Bf5 40. Rd2 c5 41. Kf3 Ke5 42. Bb5 Bg6 43. Kg4 Ke4 44. Kg5 Bh5 45. Rc2 Bf3 46. Bd7 b6 47. Rb2 d3 48. Bf5+ Ke3 49. Rxb6 c4 50. h5 Nxh5 51. Re6+ Kd4 52. Ra6 Ng3 53. Rd6+ Ke3 54. Bxd3 cxd3 55. Rxd3+ Kxd3 56. Kf4 0-1

[Event "MEX Ch playoff"]
[Site "Linares ESP"]
[Date "1994.??.??"]
[Round "4"]
[White "Espinosa Flores, Rafael"]
[Black "Hernandez, Gilberto"]
[Result "1/2-1/2"]
[WhiteElo "2410"]
[BlackElo "2485"]
[PlyCount "97"]
[EventDate "1994.??.??"]
[Source "www.chesslib.no"]
[SourceDate "2004.05.04"]

1. e4 e5 2. Nf3 Nc6 3. Bc4 Bc5 4. b4 Bxb4 5. c3 Be7 6. d4 exd4 7. cxd4 d6 8. Qb3 Na5 9. Bxf7+ Kf8 10. Qa4 Kxf7 11. Qxa5 c6 12. Qa4 Nf6 13. Nc3 Rf8 14. Qb3+ d5 15. Bg5 Kg8 16. O-O Kh8 17. Bxf6 Bxf6 18. exd5 Bg4 19. Ne5 Bxe5 20. dxe5 Qg5 21. f4 Rxf4 22. Rxf4 Qxf4 23. Rf1 Qe3+ 24. Kh1 cxd5 25. Nxd5 Qxe5 26. Qxb7 Rg8 27. h3 Bc8 28. Qc6 Bf5 29. Nf4 a5 30. a3 g6 31. Qc1 Rc8 32. Qd2 Re8 33. Rc1 Kg7 34. Qf2 Qe7 35. Rc5 Qe1+ 36. Qxe1 Rxe1+ 37. Kh2 a4 38. Rc4 Re4 39. Rc7+ Kf6 40. Nd5+ Ke6 41. Nc3 Re3 42. Rc4 Kd7 43. Kg1 Be6 44. Kf2 Rd3 45. Rc5 h6 46. Ke2 Rg3 47. Kf2 Rd3 48. Ke2 Rg3 49. Kf2 1/2-1/2

[Event "It (open) \"]
[Site "Minsk (Belarus)"]
[Date "2007.07.12"]
[Round "3"]
[White "Novitzkij Dmitrij (BLR)"]
[Black "Romanov Evgeny (RUS)"]
[Result "0-1"]
[WhiteElo "2365"]
[BlackElo "2521"]
[PlyCount "84"]
[EventDate "2007.??.??"]
[Source "www.chesslib.no"]
[SourceDate "2004.05.04"]

1. e4 e5 2. Nf3 Nc6 3. Bc4 Bc5 4. b4 Bxb4 5. c3 Bd6 6. d4 Nf6 7. O-O O-O 8. Re1 h6 9. Nh4 exd4 10. Nf5 Bc5 11. Qf3 d5 12. Nxh6+ gxh6 13. exd5 Bg4 14. Qf4 Qd6 15. dxc6 Qxf4 16. Bxf4 bxc6 17. Be5 Rfe8 18. Kf1 Nd7 19. Bxd4 Rxe1+ 20. Kxe1 Bxd4 21. cxd4 Nb6 22. Be2 Bxe2 23. Kxe2 Re8+ 24. Kd2 Re4 25. Nc3 Rxd4+ 26. Ke3 c5 27. Ne4 Nd5+ 28. Kf3 c4 29. g4 Rd3+ 30. Ke2 Nf4+ 31. Kf1 c3 32. Ke1 c2 33. Rc1 Rd4 34. Nf6+ Kg7 35. Nh5+ Nxh5 36. gxh5 Rd1+ 37. Rxd1 cxd1=Q+ 38. Kxd1 Kf6 39. Kd2 Kg5 40. Ke3 Kxh5 41. Kf4 Kh4 42. Ke5 Kh3 0-1

[Event "New York op"]
[Site "New York"]
[Date "1994.??.??"]
[Round "5"]
[White "Sammour Hasbun, Jorge E"]
[Black "Hjartarson, Johann"]
[Result "1/2-1/2"]
[WhiteElo "2290"]
[BlackElo "2595"]
[PlyCount "92"]
[EventDate "1994.03.??"]
[Source "ChessBase"]

1. e4 e5 2. Nf3 Nc6 3. Bc4 Bc5 4. b4 Bxb4 5. c3 Be7 6. Qb3 Nh6 7. d4 Na5 8. Qb5 Nxc4 9. Bxh6 gxh6 10. Qxc4 exd4 11. cxd4 d6 12. O-O Rg8 13. Re1 Bg4 14. Nfd2 Qd7 15. Kh1 c6 16. Nc3 b5 17. Qd3 b4 18. Na4 Kf8 19. f3 Be6 20. Qe3 Rg6 21. Nb2 h5 22. Nd3 Bg5 23. f4 Bh6 24. Qf3 f5 25. d5 cxd5 26. exd5 Bf7 27. Nxb4 Qa4 28. Qb3 Qxb3 29. axb3 Rb8 30. Nc6 Rb7 31. Ra5 Bxf4 32. Nf3 Rxb3 33. Ncd4 Re3 34. Rd1 Be5 35. Nxf5 Re2 36. N5h4 Rg4 37. Rxa7 Bxd5 38. Rxd5 Rxh4 39. Rd1 Rg4 40. Nxe5 Rxe5 41. Rxh7 Rge4 42. Kg1 d5 43. Rd7 Re1+ 44. Rxe1 Rxe1+ 45. Kf2 Re5 46. Kf3 Ke8 1/2-1/2

[Event "CXEB"]
[Site "?"]
[Date "1998.11.16"]
[Round "?"]
[White "Asker Dr.Sven (SWE)"]
[Black "Tosti Ricardo Remigio (AR"]
[Result "0-1"]
[WhiteElo "2409"]
[BlackElo "2475"]
[PlyCount "54"]
[EventDate "1998.??.??"]
[Source "www.chesslib.no"]
[SourceDate "2004.05.04"]

1. e4 e5 2. Nf3 Nc6 3. Bc4 Bc5 4. b4 Bxb4 5. c3 Be7 6. Qb3 Nh6 7. d4 Na5 8. Qb5 Nxc4 9. Bxh6 gxh6 10. Qxc4 exd4 11. cxd4 Rg8 12. O-O d5 13. exd5 Bh3 14. Ne1 Qd7 15. Qb3 O-O-O 16. Kh1 Bf6 17. Nc3 Rde8 18. Nb5 Rxe1 19. gxh3 Rxf1+ 20. Rxf1 Kb8 21. Rb1 b6 22. Qf3 Rg6 23. Qe4 Rg5 24. Nc3 Qxh3 25. Ne2 Rh5 26. Qf4 Be7 27. Ng1 Qd7 0-1

[Event "Dato Arthur Tan Malaysian Op"]
[Site "Kuala Lumpur MAS"]
[Date "2007.08.22"]
[Round "5"]
[White "Senador, E."]
[Black "Dimakiling, O."]
[Result "0-1"]
[WhiteElo "2380"]
[BlackElo "2500"]
[PlyCount "46"]
[EventDate "2007.08.20"]
[Source "www.chesslib.no"]
[SourceDate "2004.05.04"]

1. e4 e5 2. Nf3 Nc6 3. Bc4 Bc5 4. b4 Bxb4 5. c3 Bd6 6. d4 Nf6 7. dxe5 Bxe5 8. O-O O-O 9. Nxe5 Nxe5 10. Bb3 d6 11. f4 Ned7 12. Nd2 Nc5 13. Bc2 Re8 14. f5 Bd7 15. Rb1 Bc6 16. Rb4 d5 17. Rd4 Qe7 18. exd5 Nxd5 19. Nb3 Nxb3 20. Bxb3 Nxc3 21. Qg4 Ne2+ 22. Kh1 Nxd4 23. f6 Qxf6 0-1

[Event "6th Parsvnath Open"]
[Site "New Delhi IND"]
[Date "2008.01.19"]
[Round "9"]
[White "Solodovnichenko, Y."]
[Black "Swathi, G."]
[Result "1-0"]
[WhiteElo "2541"]
[BlackElo "2337"]
[PlyCount "77"]
[EventDate "2008.01.13"]
[Source "www.chesslib.no"]
[SourceDate "2004.05.04"]

1. e4 e5 2. Nf3 Nc6 3. Bc4 Bc5 4. b4 Bxb4 5. c3 Bd6 6. d4 Nf6 7. dxe5 Bxe5 8. Ng5 O-O 9. f4 Bd6 10. e5 Nxe5 11. fxe5 Bxe5 12. Nf3 Bd6 13. O-O Bc5+ 14. Nd4 d5 15. Bd3 Ne4 16. Qc2 Qe7 17. Kh1 Bd7 18. Nd2 Rae8 19. N2f3 Bb6 20. a4 c5 21. a5 Bc7 22. Nb5 Bb8 23. Ba3 Qe6 24. c4 Qh6 25. Rfe1 Re5 26. cxd5 Rh5 27. Rxe4 Bxh2 28. g4 Be5+ 29. gxh5 Qxh5+ 30. Nh2 Bxh2 31. Qxh2 Qf3+ 32. Qg2 Qxd3 33. Bb2 g6 34. Rh4 Bxb5 35. Rxh7 f6 36. Rh3 Qf5 37. Rf3 Qh5+ 38. Rh3 Qf5 39. Qf3 1-0

[Event "EU-ch 2nd"]
[Site "Ohrid"]
[Date "2001.06.03"]
[Round "3"]
[White "Rabiega, Robert"]
[Black "Haznedaroglu, Kivanc"]
[Result "1-0"]
[WhiteElo "2517"]
[BlackElo "2358"]
[PlyCount "59"]
[EventDate "2001.06.01"]
[Source "ChessBase"]
[SourceDate "2001.09.13"]

1. e4 e5 2. Nf3 Nc6 3. Bc4 Bc5 4. b4 Bxb4 5. c3 Bc5 6. d4 exd4 7. O-O d3 8. Ng5 Nh6 9. Nxf7 Nxf7 10. Bxf7+ Kxf7 11. Qh5+ g6 12. Qxc5 d6 13. Qe3 Re8 14. Qxd3 Qh4 15. f4 Kg8 16. Nd2 Qe7 17. c4 Qf6 18. Nb3 Qe7 19. Re1 g5 20. fxg5 Be6 21. Bb2 Ne5 22. Qg3 Bxc4 23. Nd4 Rf8 24. Nf5 Qe6 25. a4 Kh8 26. Rac1 Rfe8 27. Ne3 Ba6 28. Rxc7 Rac8 29. Nd5 Rf8 30. Re7 1-0

[Event "Warsaw"]
[Site "?"]
[Date "2005.06.28"]
[Round "10"]
[White "Warakomski Tomasz"]
[Black "Zaja Ivan"]
[Result "1-0"]
[WhiteElo "2384"]
[BlackElo "2489"]
[PlyCount "115"]
[EventDate "2005.??.??"]
[Source "www.chesslib.no"]
[SourceDate "2004.05.04"]

1. e4 e5 2. Nf3 Nc6 3. Bc4 Bc5 4. b4 Bxb4 5. c3 Be7 6. d4 Na5 7. Be2 d6 8. Qa4+ c6 9. dxe5 dxe5 10. Nxe5 Nf6 11. O-O Qc7 12. Nf3 O-O 13. Bg5 b5 14. Qc2 h6 15. Bh4 Nh5 16. Bxe7 Qxe7 17. Nd4 Nf4 18. Bf3 Bd7 19. a4 a6 20. Nd2 c5 21. Nf5 Qe5 22. g3 Ng6 23. Bg4 Qc7 24. axb5 axb5 25. f4 Bc6 26. e5 b4 27. Qb2 Qb6 28. c4 Nb7 29. Rxa8 Rxa8 30. e6 f6 31. Bh5 Be8 32. Re1 Qd8 33. Bf3 Rb8 34. Ne4 Ne7 35. Nxh6+ Kh7 36. Ng4 Qd4+ 37. Qxd4 cxd4 38. Nexf6+ gxf6 39. Nxf6+ Kg6 40. Nxe8 b3 41. Be4+ Kh6 42. Bxb7 Rxb7 43. Nd6 Rb4 44. Kf2 b2 45. Rb1 Kg6 46. Ke2 Kf6 47. Ne4+ Kf5 48. Nf2 Kxe6 49. Nd3 Rxc4 50. Rxb2 Nd5 51. Kf3 Kf6 52. Rb5 Ke6 53. Ra5 Rc3 54. Ke4 Ne7 55. Kxd4 Rc2 56. Ra6+ Kf5 57. h3 Nc6+ 58. Ke3 1-0